Altägyptische Götterfiguren /

محفوظ في:

مؤلفون آخرون: Krauspe, Renate.

التنسيق: كتاب

اللغة: German

منشور في: Leipzig : Insel-Verlag, 1986.

سلاسل: Insel-Bücherei Nr. 1080.

الموضوعات:

الوسوم: إضافة وسم

لا توجد وسوم, كن أول من يضع وسما على هذه التسجيلة!

رقم الطلب: ( P )NB75 .A574 1986

LEADER 00782nam a2200229Ia 4500
003 OSt
005 20240709063456.0
008 880525s1986 gw a b 000 0 ger d
952 |0 0  |1 0  |2 lcc  |4 0  |7 1  |9 43827  |a ARCE  |b ARCE  |d 2022-11-24  |l 0  |o ( P )NB75 .A574 1986  |p 1017976  |r 2022-11-24 00:00:00  |w 2022-11-24  |y BK 
999 |c 50284  |d 50284 
020 |a 3735100341 
040 |c ARCE Library 
050 4 |a ( P )NB75 .A574 1986 
245 0 0 |a Altägyptische Götterfiguren /   |c herausgegeben von Renate Krauspe. 
264 1 |a Leipzig :   |b Insel-Verlag,   |c 1986. 
300 |a 51 p. :   |b col. ill. ;   |c 18 cm. 
490 0 |a Insel-Bücherei Nr. 1080. 
504 |a Includes bibliographical references (p. 46) 
650 0 |a Sculpture, Egyptian. 
700 1 |a Krauspe, Renate. 
901 |a reviewed 
942 |2 lcc  |c BK